00662nam a2200265Ia 4500008004100000020001800041050001000059050001400069100001800083245001700101245002700118245002100145260001800166260001300184260000900197300001600206300002000222300001000242650003300252650003000285650002900315650001100344650002200355999001900377170712s9999 xx 000 0 und d a9789718161159 a959.9 bR696 2009 aRodrigo, Raul aCory magic : bher peoples' stories / cby Raul Rodrigo. aPhilippines : bABS-CBN, c2009 a397 pages : billustrations ; c23cm. aAquino, Corazon Cojuanco --  aAquino, Corazon Cojuanco. aPolitics and government. aTitle. xDeath and burial. c340419d340419